| 000 | 01410cam a2200277 4500 | ||
|---|---|---|---|
| 008 | 011219n2001 000 0 eng u | ||
| 020 | _a0717621391 | ||
| 035 | _a(Sirsi) u116068 | ||
| 041 | _aeng | ||
| 050 | _a344.410465 | ||
| 110 |
_aGreat Britain _bHealth and Safety Executive |
||
| 245 | _aManaging health and safety in construction. Construction (Design and Management) Regulations 1994 : Approved Code of Practice and Guidance. | ||
| 260 |
_aSudbury _bHSE Books _c2001. |
||
| 300 | _avi,100p. ; 30cm | ||
| 350 | _a£9.50 | ||
| 490 |
_aHSE Health and Safety Guidance _v224 |
||
| 520 | _aThis document contains advice on how to comply with duties under the Construction (Design and Management) Regulations 1994 and, where indicated, on sections 2, 3 and 4 of the Health and Safety at Work etc. Act 1974 for work to which those Regulations apply. It contains an Approved Code of Practice (ACoP) and more general guidance, explaining the law and suggesting ways to comply with it. This Code of Practice comes into effect on 1 February 2002. | ||
| 520 | _aSuperseded by 2007 edition (L137108). | ||
| 650 | _aCONSTRUCTION (DESIGN AND MANAGEMENT) REGULATIONS 1994 | ||
| 650 | _aCONSTRUCTION (DESIGN AND MANAGEMENT) REGULATIONS 1994 | ||
| 650 | _aHEALTH AND SAFETY FILE | ||
| 650 | _aHEALTH AND SAFETY PLAN | ||
| 650 | _aLAW | ||
| 690 | _aBUILT ENVIRONMENT-BUILDING STANDARDS | ||
| 942 | _n0 | ||
| 999 |
_c101822 _d101822 |
||